000 00731nam a2200229 i 4500
001 113509
003 ES-MaACL
005 20230906185923.0
007 t|
008 061121s1927 sp r ||||1| cat d
100 1 _aPaladio
_cObispo de Aspuna.
_988449
245 1 0 _aHistòria lausiaca /
_cPalladi ; text revisat i traducció de Dom Antoni Ramón i Arrufat.
260 _aBarcelona :
_bFundació Bernat Metge,
_c1927.
300 _aXLII, 125 p. ;
_c25 cm.
490 1 _aEscriptors llatins
650 0 4 _aMonacato-
_yS.I-V.
_915140
700 1 _aRamón y Arrufat, Antonio.
_995225
710 2 _aFundació Bernat Metge.
_94201
830 0 _aEscriptors llatins
_9186353
852 _aES-MaACL
_jC-8185
999 _c113509
_d113509